000 00495nam a22001697a 4500
005 20231121064311.0
008 231121b |||||||| |||| 00| 0 eng d
041 _aEnglish
082 _a343.4 PAY
100 _lEnglish
245 _aPay Less Tax :
_bA Guide to Reducing your Tax Bill
250 _aSecond Edition
260 _bBusiness Times / Sunday Times
_c1988
300 _bvi, 102 pages ;
_c22 cm.
650 _aLegal practice
_bLaw
942 _cBK
_6ALISON_BN_VRIES
999 _c817
_d817